| 000 | 01250nam a2200325 i 4500 | ||
|---|---|---|---|
| 003 | EG-GICUC | ||
| 005 | 20260208002311.0 | ||
| 008 | 260119s1958 ua ad||f |||| 00| 0 ara d | ||
| 040 |
_a EG-GICUC _bara _c EG-GICUC _d EG-GICUC _erda |
||
| 041 | _aara | ||
| 082 | 0 | 4 |
_221 _a345.41 _bم ح . م |
| 092 | 0 | 4 | _221 |
| 099 | _aLaw1 07 345.41 م ح . م 1 ed - 1958 | ||
| 100 | 0 |
_aمحمد حامد الجمل _eمؤلف. |
|
| 245 | 1 | 2 |
_aالموظف العام فقها وقضاء : _nالجزء الأول / _cمحمد حامد الجمل . |
| 250 | _aالطبعة الأولى | ||
| 264 | 1 |
_aالقاهرة : _bدار الفكر الحديث للطبع والنشر ، _c1958 . |
|
| 300 |
_a848 ؛ صفحة _bإيضاحيات، جداول ؛ _c24 سم |
||
| 336 |
_2rda content _atext |
||
| 337 |
_2rda media _aComputer |
||
| 338 |
_2rda carrier _aOnline Resource |
||
| 504 | _a. 848-847 ببليوجرافيا: صفحات. | ||
| 504 | _aيشتمل على إرجاعات ببليوجرافية | ||
| 650 | 1 | 4 |
_aالموظفون -- القطاع العام _2qrmak |
| 650 | 1 | 4 | _aالقانون الإداري |
| 651 | 1 | _2qrmak | |
| 856 | 4 | 0 | _uhttps://fll.law.cu.edu.eg/fulltext/bks/B07-01488.pdf |
| 905 |
_a61 _eYara |
||
| 942 |
_2ddc _cBK _e21 _n0 |
||
| 999 |
_c57712 _d57712 |
||